Estatísticas para Instrumento Musical por Imagem #1

Clique aqui para jogar o quiz

Estatísticas Gerais

  • Esse quiz foi jogado 2,419 vezes
  • A pontuação média é 11 de 20

Estatísticas das Respostas

Answer % Correct
Violão
98%
Violino
97%
Gaita
95%
Saxofone
90%
Harpa
89%
Acordeão
88%
Gaita de Fole
75%
Clarinete
69%
Trombone
65%
Banjo
63%
Tuba
55%
Maracas
44%
Trompa
40%
Gongo
35%
Sitar
18%
Alaúde
15%
Flauta de Pan
13%
Tímpanos
13%
Tambor de Aço
3%
Trompa Alpina
2%

Distribuição das Pontuações

Percentil de Números Respondidos

Porcentagem de Pessoas com Cada Pontuação

Sua Pontuação Histórica

Você não jogou esse quiz